000 00906nam a22002297a 4500
003 UA-OsUOA
001 24977
007 ta
008 20040305b un ||||| |||| 00| 0 ukr d
090 _a346(477)(075.8)
_bН15
942 _cBK
040 _aUA-OsUOA
_bukr
_cUA-OsUOA
_dUA-OsUOA
245 _aНавчально-методичний посібник "Господарське право"
_bПлани лекційних та семінарських занять. Короткий зміст лекцій. Теми проблемних рефератів. Тестові завдання. Задачі. Бібліографія. Збірник нормативних актів
_cВідп. ред. В.Б.Ковальчук
300 _a220 с.
955 _a0
041 _aukr
080 _a346(477)(075.8)
260 _aОстрог
_c2000
044 _aUA
650 7 _2UDC
999 _c311265
_d311265